Essential arithmetic / (Record no. 9994)
[ view plain ]
| 000 -LEADER | |
|---|---|
| fixed length control field | 00889cam a2200301 a 4500 |
| 001 - CONTROL NUMBER | |
| JCCL Control Number | 9994 |
| 003 - CONTROL NUMBER IDENTIFIER | |
| JCCL marc code | BD-JhCC |
| 005 - DATE AND TIME OF LATEST TRANSACTION | |
| control field | 20180404102717.0 |
| 008 - FIXED-LENGTH DATA ELEMENTS--GENERAL INFORMATION | |
| fixed length control field | 180404s1988 caua 001 0 eng |
| 020 ## - INTERNATIONAL STANDARD BOOK NUMBER | |
| International Standard Book Number | 0534090788 (pbk.) |
| 035 ## - SYSTEM CONTROL NUMBER | |
| system control number | (BD-JhCC)9994 |
| 040 ## - CATALOGING SOURCE | |
| Original cataloging agency | DLC |
| Transcribing agency | DLC |
| Modifying agency | DLC |
| -- | BD-JhCC |
| 041 ## - LANGUAGE CODE | |
| Language code of Book | eng |
| 050 10 - LIBRARY OF CONGRESS CALL NUMBER | |
| Classification number | QA107 |
| Item number | .J64 1988 |
| 082 00 - DEWEY DECIMAL CLASSIFICATION NUMBER | |
| Classification number | 513/.142 |
| DDC Edition number | 19 |
| Author mark and Year | JOH 1988 |
| 100 1# - MAIN ENTRY--PERSONAL NAME | |
| Personal name | Johnston, C. L. |
| Fuller form of name | (Carol Lee), |
| Dates associated with a name | 1911- |
| 245 10 - TITLE STATEMENT | |
| Title | Essential arithmetic / |
| Statement of responsibility, etc | C.L. Johnston, Alden T. Willis, Jeanne Lazaris. |
| 250 ## - EDITION STATEMENT | |
| Edition statement | 5th ed. |
| 260 ## - PUBLICATION, DISTRIBUTION, ETC. (IMPRINT) | |
| Place of publication, distribution, etc | Belmont, Calif. : |
| Name of publisher, distributor, etc | Wadsworth Pub. Co., |
| Date of publication, distribution, etc | c1988. |
| 300 ## - PHYSICAL DESCRIPTION | |
| Pagination | xii, 628 p. : |
| Other physical details | ill. ; |
| Dimensions | 28 cm. |
| 490 1# - SERIES STATEMENT | |
| Series statement | The Johnston/Willis developmental mathematics series |
| 500 ## - GENERAL NOTE | |
| General note | Includes index. |
| 650 #0 - SUBJECT ADDED ENTRY--TOPICAL TERM | |
| Topical term or geographic name as entry element | Arithmetic. |
| 700 1# - ADDED ENTRY--PERSONAL NAME | |
| Personal name | Willis, Alden T. |
| 700 1# - ADDED ENTRY--PERSONAL NAME | |
| Personal name | Lazaris, Jeanne, |
| Dates associated with a name | 1932- |
| 942 ## - ADDED ENTRY ELEMENTS (KOHA) | |
| Source of classification or shelving scheme | Dewey Decimal Classification |
| Koha item type | Books |
| Source of classification or shelving scheme | Damaged status | Not for loan | Home library | Current library | Shelving location | Date of accession | Total Checkouts | Full call number | Barcode | Date last seen | Copy number | Koha item type |
|---|---|---|---|---|---|---|---|---|---|---|---|---|
| Dewey Decimal Classification | JCC Rouf Library | JCC Rouf Library | General Stacks | 04/04/2018 | 513/.142 JOH 1988 | 11233 | 04/04/2018 | C-1 | Books |